<?xml version="1.0" encoding="UTF-8"?>
<collection xmlns="http://www.loc.gov/MARC21/slim">
 <record>
  <leader>01917nam a22004457i 4500</leader>
  <controlfield tag="001">34271</controlfield>
  <controlfield tag="003">BD-DhAAL</controlfield>
  <controlfield tag="005">20211110150136.0</controlfield>
  <controlfield tag="008">190702r20182015cau           000 0 eng d</controlfield>
  <datafield tag="999" ind1=" " ind2=" ">
   <subfield code="c">40421</subfield>
   <subfield code="d">40421</subfield>
  </datafield>
  <datafield tag="010" ind1=" " ind2=" ">
   <subfield code="a">  2015473842</subfield>
  </datafield>
  <datafield tag="015" ind1=" " ind2=" ">
   <subfield code="a">GBB499942</subfield>
   <subfield code="2">bnb</subfield>
  </datafield>
  <datafield tag="016" ind1="7" ind2=" ">
   <subfield code="a">016868410</subfield>
   <subfield code="2">Uk</subfield>
  </datafield>
  <datafield tag="020" ind1=" " ind2=" ">
   <subfield code="a">1491904224</subfield>
  </datafield>
  <datafield tag="020" ind1=" " ind2=" ">
   <subfield code="a">9781491904220</subfield>
  </datafield>
  <datafield tag="020" ind1=" " ind2=" ">
   <subfield code="a">9789352130160</subfield>
  </datafield>
  <datafield tag="035" ind1=" " ind2=" ">
   <subfield code="a">(OCoLC)ocn880566618</subfield>
  </datafield>
  <datafield tag="040" ind1=" " ind2=" ">
   <subfield code="a">YDXCP</subfield>
   <subfield code="b">eng</subfield>
   <subfield code="c">YDXCP</subfield>
   <subfield code="e">rda</subfield>
   <subfield code="d">OCLCQ</subfield>
   <subfield code="d">BTCTA</subfield>
   <subfield code="d">UKMGB</subfield>
   <subfield code="d">OCLCQ</subfield>
   <subfield code="d">CDX</subfield>
   <subfield code="d">EYM</subfield>
   <subfield code="d">OCLCO</subfield>
   <subfield code="d">CLE</subfield>
   <subfield code="d">LML</subfield>
   <subfield code="d">OCLCF</subfield>
   <subfield code="d">BDX</subfield>
   <subfield code="d">DLC</subfield>
   <subfield code="d">BD-DhAAL</subfield>
  </datafield>
  <datafield tag="042" ind1=" " ind2=" ">
   <subfield code="a">lccopycat</subfield>
  </datafield>
  <datafield tag="050" ind1="0" ind2="0">
   <subfield code="a">QA76.73.J39</subfield>
   <subfield code="b">S557 2015</subfield>
  </datafield>
  <datafield tag="082" ind1="0" ind2="4">
   <subfield code="a">005.2762</subfield>
   <subfield code="2">23</subfield>
  </datafield>
  <datafield tag="100" ind1="1" ind2=" ">
   <subfield code="a">Simpson, Kyle</subfield>
   <subfield code="e">author</subfield>
   <subfield code="9">29921</subfield>
  </datafield>
  <datafield tag="245" ind1="1" ind2="0">
   <subfield code="a">Async &amp; performance /</subfield>
   <subfield code="c">Kyle Simpson ; editors, Simon St. Laurent and Brian MacDonald</subfield>
  </datafield>
  <datafield tag="246" ind1="3" ind2=" ">
   <subfield code="a">Async and performance</subfield>
  </datafield>
  <datafield tag="250" ind1=" " ind2=" ">
   <subfield code="a">First edition.</subfield>
  </datafield>
  <datafield tag="260" ind1=" " ind2=" ">
   <subfield code="a">Sebastopol, CA ;</subfield>
   <subfield code="a">Mumbai :</subfield>
   <subfield code="b">O'Reilly Media ;</subfield>
   <subfield code="b">Shroff Publishers and Distributors Pvt. Ltd.,</subfield>
   <subfield code="c">c2015 [reprinted 2018]</subfield>
  </datafield>
  <datafield tag="300" ind1=" " ind2=" ">
   <subfield code="a">xii, 280 pages ;</subfield>
   <subfield code="c">24 cm.</subfield>
  </datafield>
  <datafield tag="490" ind1="1" ind2=" ">
   <subfield code="a">You don't know JS</subfield>
  </datafield>
  <datafield tag="526" ind1=" " ind2=" ">
   <subfield code="a">CSE</subfield>
  </datafield>
  <datafield tag="541" ind1=" " ind2=" ">
   <subfield code="a">Hay Trade International</subfield>
   <subfield code="e">34271, 34272</subfield>
  </datafield>
  <datafield tag="650" ind1=" " ind2="0">
   <subfield code="a">JavaScript (Computer program language).</subfield>
   <subfield code="9">29922</subfield>
  </datafield>
  <datafield tag="650" ind1=" " ind2="0">
   <subfield code="a">Application software</subfield>
   <subfield code="x">Development.</subfield>
   <subfield code="9">29923</subfield>
  </datafield>
  <datafield tag="650" ind1=" " ind2="0">
   <subfield code="a">Computer science.</subfield>
   <subfield code="9">42486</subfield>
  </datafield>
  <datafield tag="700" ind1=" " ind2=" ">
   <subfield code="a">St. Laurent, Simon</subfield>
   <subfield code="e">editor</subfield>
   <subfield code="9">29931</subfield>
  </datafield>
  <datafield tag="700" ind1=" " ind2=" ">
   <subfield code="a">MacDonald, Brian</subfield>
   <subfield code="e">editor</subfield>
   <subfield code="9">29932</subfield>
  </datafield>
  <datafield tag="830" ind1=" " ind2=" ">
   <subfield code="a">You don't know JS</subfield>
   <subfield code="9">29955</subfield>
  </datafield>
  <datafield tag="852" ind1=" " ind2=" ">
   <subfield code="a">Ayesha Abed Library</subfield>
   <subfield code="c">General Stacks</subfield>
  </datafield>
  <datafield tag="942" ind1=" " ind2=" ">
   <subfield code="2">ddc</subfield>
   <subfield code="c">BK</subfield>
  </datafield>
  <datafield tag="952" ind1=" " ind2=" ">
   <subfield code="0">0</subfield>
   <subfield code="1">0</subfield>
   <subfield code="2">ddc</subfield>
   <subfield code="4">0</subfield>
   <subfield code="6">005_276200000000000_SIM</subfield>
   <subfield code="7">0</subfield>
   <subfield code="9">65011</subfield>
   <subfield code="a">BRACUL</subfield>
   <subfield code="b">BRACUL</subfield>
   <subfield code="c">GEN</subfield>
   <subfield code="d">2019-01-31</subfield>
   <subfield code="e">Hay Trade International</subfield>
   <subfield code="g">588.00</subfield>
   <subfield code="l">5</subfield>
   <subfield code="m">27</subfield>
   <subfield code="o">005.2762 SIM</subfield>
   <subfield code="p">3010034271</subfield>
   <subfield code="q">2026-06-02</subfield>
   <subfield code="r">2026-05-20</subfield>
   <subfield code="s">2026-05-20</subfield>
   <subfield code="t">1</subfield>
   <subfield code="v">588.00</subfield>
   <subfield code="w">2019-01-31</subfield>
   <subfield code="y">BK</subfield>
  </datafield>
  <datafield tag="952" ind1=" " ind2=" ">
   <subfield code="0">0</subfield>
   <subfield code="1">0</subfield>
   <subfield code="2">ddc</subfield>
   <subfield code="4">0</subfield>
   <subfield code="6">005_276200000000000_SIM</subfield>
   <subfield code="7">0</subfield>
   <subfield code="9">65012</subfield>
   <subfield code="a">BRACUL</subfield>
   <subfield code="b">BRACUL</subfield>
   <subfield code="c">GEN</subfield>
   <subfield code="d">2019-01-31</subfield>
   <subfield code="e">Hay Trade International</subfield>
   <subfield code="g">588.00</subfield>
   <subfield code="l">6</subfield>
   <subfield code="m">16</subfield>
   <subfield code="o">005.2762 SIM</subfield>
   <subfield code="p">3010034272</subfield>
   <subfield code="r">2026-01-14</subfield>
   <subfield code="s">2025-12-14</subfield>
   <subfield code="t">2</subfield>
   <subfield code="v">588.00</subfield>
   <subfield code="w">2019-01-31</subfield>
   <subfield code="y">BK</subfield>
  </datafield>
 </record>
</collection>
